| 000 | 00843nam a2200217 a 4500 | ||
|---|---|---|---|
| 001 | 000025081 | ||
| 005 | 20200930023542.0 | ||
| 008 | 110209s1981 sp a r 000 0 spa d | ||
| 020 | _a8427605552 | ||
| 040 |
_aDO-SdBNP _bspa _cBNPHU |
||
| 082 |
_axxxxx _bS118n |
||
| 100 | 1 |
_aSabuco de Nantes y Barrera, Oliva _951467 |
|
| 245 | 1 | 0 |
_aNueva filosofía de la naturaleza del hombre y otros escritos / _cOliva Sabuco de Nantes y Barrera ; edición Atilano Martínez Tomé. |
| 260 |
_aMadrid, España : _bNacional, _c1981. |
||
| 300 |
_a297 p. ; _c21 cm. |
||
| 490 | 1 | _aBiblioteca de visionarios heterodoxos y marginados | |
| 504 | _aIncluye referencias bibliográficas y notas al pie de las páginas. | ||
| 700 | 1 |
_aMartínez Tomé, Atilano, _eed. _951468 |
|
| 830 | 0 |
_aBiblioteca de visionarios heterodoxos y marginados _98623 |
|
| 049 | _aBNGR | ||
| 999 |
_c24574 _d24574 |
||